Rozpoznaj Flagi Tych Państw #1 - Statystyki

Ogólne statystyki
  • Ten quiz został rozwiązany 614 razy
  • Średni wynik to 23 z 24
Statystyki odpowiedzi
Obrazkowy Odpowiedź % Poprawnych
Brazylia
100%
Francja
100%
Niemcy
100%
Polska
100%
Belgia
99%
Hiszpania
99%
Japonia
99%
Rosja
99%
Portugalia
98%
Stany Zjednoczone
98%
Szwajcaria
98%
Wielka Brytania
98%
Argentyna
97%
Chiny
97%
Dania
97%
Australia
96%
Izrael
96%
Holandia
95%
Meksyk
95%
Indie
94%
Anglia
93%
Egipt
93%
Urugwaj
91%
Katar
88%
Nie znaleziono quizów pasujących do podanych kryteriów
Rozkład punktacji
Procent ludzi z każdym wynikiem
Percentyl według liczby udzielonych odpowiedzi
Twoja historia wyników
Nie rozwiązałeś tego quizu